| 000 | 00858nam a2200277 i 4500 | ||
|---|---|---|---|
| 001 | 50778 | ||
| 003 | ES-MaACL | ||
| 005 | 20250831024530.0 | ||
| 007 | t| | ||
| 008 | 030806s1979 sp ||||1| spa d | ||
| 080 | _a27(460)"18" | ||
| 080 | _a322(460)"18" | ||
| 100 | 1 |
_aCuenca Toribio, José Manuel, _d1939- _942007 |
|
| 245 | 1 | 0 |
_aIglesia y burguesía en la España liberal / _cJosé Manuel Cuenca. |
| 260 |
_aMadrid : _bPegaso, _c[1979] |
||
| 300 |
_a255 p. ; _c22 cm. |
||
| 490 | 1 | _aSerie historia y política | |
| 500 | _aÍndices. | ||
| 504 | _aBibliografía. | ||
| 650 | 7 |
_aIglesia y Estado- _zEspaña- _yS.XIX _2 _9149103 |
|
| 651 | 4 |
_aEspaña- _xHistoria eclesiástica- _yS.XIX. _9158820 |
|
| 830 | 1 |
_aSerie historia y política _9182337 |
|
| 852 | 4 |
_aES-MaACL _jA-10603 |
|
| 852 | 4 |
_aES-MaACL _jL-446 |
|
| 999 |
_c50778 _d50778 |
||